Movie Grab Bag Slideshow III Quiz Stats

 Plays Quiz Updated May 2, 2015

Support Sporcle.
Go Orange.
Score 0/25 Timer 08:00
0 Plays Today
% Correct
Braveheart
96.8%
Tigger
93.2%
Donkey
92.4%
Saving Private Ryan
89%
Roger Rabbit
88.3%
'I'll be back.'
86.6%
'No, I am your father.'
85.6%
300
82.2%
The Shawshank Redemption
80.3%
Groundhog Day
74.2%
Caddyshack
73.7%
'Frankly, my dear, I don't give a damn.'
70.2%
The Sandlot
65.8%
% Correct
Aslan
65.4%
10 Things I Hate About You
64.5%
What's Eating Gilbert Grape
62.5%
'If you build it, he will come.'
61.7%
Lord of the Rings: Return of the King
60.6%
Lost in Translation
59.5%
Crush and Squirt
44.8%
Goodfellas
38%
The Royal Tenenbaums
33.3%
Harry Potter and the Deathly Hallows: Part 2
30.3%
Little Shop of Horrors
23.4%
'These go to 11.'
22%

You're not logged in!

Compare scores with friends on all Sporcle quizzes.
OR
Log In

From the Vault

Seinfeld Nicknames II

by webmaestro2000

We are sure that this is a quiz that Art Vandelay would love.
Remove Ads.
Support Sporcle.
Get the best of Sporcle when you Go Orange. This ad-free experience offers more features, more stats, and more fun while also helping to support Sporcle. Thank you for becoming a member.

Show Comments

Extras

Top Quizzes Today


Score Distribution

Your Account Isn't Verified!

In order to create a playlist on Sporcle, you need to verify the email address you used during registration. Go to your Sporcle Settings to finish the process.

Report this User

Report this user for behavior that violates our Community Guidelines.

Details: